| 000 -LEADER |
| fixed length control field |
01816nam a22002777a 4500 |
| 003 - CONTROL NUMBER IDENTIFIER |
| control field |
DO-SlITS |
| 005 - DATE AND TIME OF LATEST TRANSACTION |
| control field |
20260207064115.0 |
| 007 - PHYSICAL DESCRIPTION FIXED FIELD--GENERAL INFORMATION |
| fixed length control field |
ta |
| 008 - FIXED-LENGTH DATA ELEMENTS--GENERAL INFORMATION |
| fixed length control field |
260204b20242026RD adklfri||||||1|||spa|d |
| 040 ## - CATALOGING SOURCE |
| Original cataloging agency |
DO-SlITS |
| Language of cataloging |
spa |
| Transcribing agency |
DO-SlITS |
| Modifying agency |
rda |
| 041 ## - LANGUAGE CODE |
| Language code of text/sound track or separate title |
spa |
| 082 ## - DEWEY DECIMAL CLASSIFICATION NUMBER |
| Classification number |
PF-658.827 R696r 2024 e.1 |
| Edition number |
23 |
| 100 ## - MAIN ENTRY--PERSONAL NAME |
| 9 (RLIN) |
22310 |
| Personal name |
Rodríguez Cedano, Carolin, |
| Dates associated with a name |
2020-1532 |
| Relator term |
Sustentante |
| 245 ## - TITLE STATEMENT |
| Title |
Rediseño de la marca Juvena y sus envases para la empresa QUEALA dominicana. / |
| Statement of responsibility, etc. |
Carolin Rodriguez Cedano; Jenipher Tejada Encarnación; Michelle Alcántara Tapia [Docente Asesor: Leocadia Báez] |
| 264 ## - PRODUCTION, PUBLICATION, DISTRIBUTION, MANUFACTURE, AND COPYRIGHT NOTICE |
| Place of production, publication, distribution, manufacture |
Santo Domingo Este, República Dominicana : |
| Name of producer, publisher, distributor, manufacturer |
Instituto Técnico Superior Comunitario (ITSC). Vicerrectoría Académica. Área de Artes ; |
| Date of production, publication, distribution, manufacture, or copyright notice |
2024. |
| 300 ## - PHYSICAL DESCRIPTION |
| Extent |
45 hojas : |
| Other physical details |
ilustraciones, gráficas, fotografía ; |
| Dimensions |
28 x 22 cm. |
| 336 ## - CONTENT TYPE |
| Content type term |
texto |
| Content type code |
txt |
| 337 ## - MEDIA TYPE |
| Media type term |
informático |
| Media type code |
c |
| Source |
rdamedia |
| 502 ## - DISSERTATION NOTE |
| Dissertation note |
Proyecto final para optar por el título: Técnico Superior en Diseño Gráfico. |
| Name of granting institution |
Instituto Técnico Superior Comunitario (ITSC). Santo Domingo Este, República Dominicana, |
| Year degree granted |
2024. |
| 504 ## - BIBLIOGRAPHY, ETC. NOTE |
| Bibliography, etc |
Contiene referencias bibliográficas hoja: (44) |
| 505 ## - FORMATTED CONTENTS NOTE |
| Formatted contents note |
Tabla de Contenido / Dedicatoria. / Agradecimientos. / Introducción / Delimitación del Tema de Investigación / Planteamiento del Problema / Justificación / Objetivos. / Objetivos Específicos. / Marco Conceptual / Marco Contextual / Historia. / Identidad Visual / Análisis FODA / Desarrollo de la Propuesta / Breaf Creativo. / Rediseño y Nuevo Envase / Materiales promocionales. / Conclusiones. / Referencias. |
| 700 ## - ADDED ENTRY--PERSONAL NAME |
| 9 (RLIN) |
22311 |
| Personal name |
Tejada Encarnación, Jenipher, |
| Dates associated with a name |
2020-0425 |
| Relator term |
Sustentante |
| 700 ## - ADDED ENTRY--PERSONAL NAME |
| 9 (RLIN) |
22312 |
| Personal name |
Alcántara Tapia, Michelle, |
| Dates associated with a name |
2020-1539 |
| Relator term |
Sustentante |
| 700 1# - ADDED ENTRY--PERSONAL NAME |
| Personal name |
Báez, Leocadia, |
| Relator term |
Docente |
| -- |
Asesora |
| 9 (RLIN) |
16659 |
| 942 ## - ADDED ENTRY ELEMENTS (KOHA) |
| Source of classification or shelving scheme |
|
| Koha item type |
Proyectos finales |